[Event "LSS No Engine Cup 96 Preliminary 2"]
[Site "LSS email"]
[Date "2013.10.15"]
[Round "?"]
[White "Hornyak, Anthony A"]
[Black "Lonyuk, Bohdan"]
[Result "0-1"]
[WhiteElo "960"]
[BlackElo "1111"]
[PlyCount "56"]
[EventDate "2013.10.16"]
[EventType "tourn (corr)"]
[EventRounds "6"]
[EventCountry "GER"]
[SourceTitle "Telechess CBM 163"]
[Source "ChessBase"]
[SourceDate "2014.11.11"]
[SourceVersion "2"]
[SourceVersionDate "2014.11.11"]
[SourceQuality "1"]

1. d4 Nf6 2. c4 d6 3. g3 Nbd7 4. Bg2 e5 5. Nc3 c6 6. e4 exd4 7. Qxd4 Nc5 8. Nge2 Be7 9. 0-0 0-0 10. Be3 Re8 11. Rad1 Bf8 12. f3 Qe7 13. Rd2 a5 14. Rfd1 Qc7 15. Nb1 a4 16. Nbc3 a3 17. b3 Na6 18. Bf4 Re6 19. Qf2 Qa5 20. Bxd6 Bxd6 21. Rxd6 Rxd6 22. Rxd6 Be6 23. Qd4 Ne8 24. Rxe6 fxe6 25. Qd7 Qb6+ 26. Kf1 Nc5 27. Qd2 Rd8 28. Qc1 Nd3 0-1

[Event "OP-2013-0-03032"]
[Site "LSS email"]
[Date "2013.09.30"]
[Round "?"]
[White "Hornyak, Anthony A"]
[Black "Kolanek, Roman"]
[Result "0-1"]
[WhiteElo "960"]
[BlackElo "1973"]
[PlyCount "28"]
[EventDate "2013.09.28"]
[EventType "tourn (corr)"]
[EventRounds "4"]
[EventCountry "GER"]
[SourceTitle "Corr 2015"]
[Source "ChessBase"]
[SourceDate "2015.07.17"]
[SourceVersion "1"]
[SourceVersionDate "2015.07.17"]
[SourceQuality "1"]

1. d4 Nf6 2. c4 e6 3. g3 d5 4. Bg2 Nc6 5. cxd5 exd5 6. Nf3 h6 7. 0-0 Bd6 8. Nc3 Be6 9. Re1 0-0 10. e4 Nxe4 11. Nxe4 dxe4 12. Rxe4 Bd5 13. Re2 Qf6 14. a3 Bxf3 0-1

[Event "OP-2013-0-03033"]
[Site "LSS email"]
[Date "2013.09.30"]
[Round "?"]
[White "Hornyak, Anthony A"]
[Black "Perez Garcia, Miguel"]
[Result "0-1"]
[WhiteElo "960"]
[BlackElo "1025"]
[PlyCount "62"]
[EventDate "2013.09.28"]
[EventType "tourn (corr)"]
[EventRounds "4"]
[EventCountry "GER"]
[SourceTitle "Telechess CBM 163"]
[Source "ChessBase"]
[SourceDate "2014.11.11"]
[SourceVersion "2"]
[SourceVersionDate "2014.11.11"]
[SourceQuality "1"]

1. d4 d5 2. c4 e6 3. Nc3 Nf6 4. Bg5 Nbd7 5. e3 c6 6. Nf3 Qa5 7. Qa4 Qxa4 8. Nxa4 dxc4 9. Rc1 b5 10. Nc3 a5 11. Be2 Bb7 12. 0-0 Bd6 13. e4 b4 14. e5 bxc3 15. exf6 gxf6 16. Bh6 cxb2 17. Rxc4 Ba6 18. Rc2 Bxe2 19. Rxe2 Rb8 20. Rb1 Ba3 21. Bd2 Nb6 22. Bc3 Nc4 23. Ne1 Bb4 24. Bxb4 Rxb4 25. Nd3 Rb5 26. Kf1 Kd7 27. Ke1 Rhb8 28. Kd1 Kd6 29. a4 Rb3 30. Nc5 Ra3 31. Rc2 Ra1 0-1

[Event "OP-2013-0-03032"]
[Site "LSS email"]
[Date "2013.09.30"]
[Round "?"]
[White "Hornyak, Anthony A"]
[Black "Vontina, Maria"]
[Result "1-0"]
[WhiteElo "960"]
[BlackElo "787"]
[PlyCount "51"]
[EventDate "2013.09.28"]
[EventType "tourn (corr)"]
[EventRounds "4"]
[EventCountry "GER"]
[SourceTitle "Telechess CBM 163"]
[Source "ChessBase"]
[SourceDate "2014.11.11"]
[SourceVersion "2"]
[SourceVersionDate "2014.11.11"]
[SourceQuality "1"]

1. d4 Nf6 2. c4 g6 3. Nc3 Bg7 4. e4 d6 5. Nf3 0-0 6. Be2 a6 7. 0-0 e5 8. Bg5 exd4 9. Nxd4 Nbd7 10. Nd5 c6 11. Nc3 Qc7 12. Qd2 Re8 13. f3 Nb6 14. b3 Bd7 15. Rad1 Rad8 16. Nc2 Be6 17. Qe3 Rd7 18. Rd2 d5 19. cxd5 cxd5 20. e5 Nh5 21. g4 Bxe5 22. gxh5 Bxc3 23. Rd3 Bg7 24. Rc1 Nc8 25. Qd2 Bc3 26. Rxc3 1-0

[Event "OP-2013-0-03033"]
[Site "LSS email"]
[Date "2013.09.30"]
[Round "?"]
[White "Lenz, Juergen"]
[Black "Hornyak, Anthony A"]
[Result "1-0"]
[WhiteElo "1016"]
[BlackElo "960"]
[PlyCount "97"]
[EventDate "2013.09.28"]
[EventType "tourn (corr)"]
[EventRounds "4"]
[EventCountry "GER"]
[SourceTitle "Telechess CBM 163"]
[Source "ChessBase"]
[SourceDate "2014.11.11"]
[SourceVersion "2"]
[SourceVersionDate "2014.11.11"]
[SourceQuality "1"]

1. d4 Nf6 2. Bf4 d6 3. h3 g6 4. e3 Bg7 5. Nf3 0-0 6. Be2 Nbd7 7. 0-0 c6 8. c4 Re8 9. Nc3 e5 10. Bh2 e4 11. Nd2 d5 12. cxd5 cxd5 13. Nb5 Rf8 14. Bd6 a6 15. Bxf8 Bxf8 16. Nc3 b5 17. Qb3 Nb6 18. Rfc1 Nc4 19. Nf1 Bd6 20. Qc2 Be6 21. b3 Nb6 22. a4 b4 23. Nd1 Rc8 24. Qd2 a5 25. Rxc8 Nxc8 26. f4 h5 27. Rc1 Ne7 28. Nf2 Nd7 29. g4 hxg4 30. hxg4 f5 31. Ng3 Nf6 32. gxf5 gxf5 33. Kg2 Qf8 34. Rh1 Qg7 35. Rh3 Ng6 36. Qc1 Qc7 37. Qxc7 Bxc7 38. Nh5 Nxh5 39. Bxh5 Kg7 40. Rg3 Bf7 41. Nh3 Kf6 42. Be2 Bd8 43. Ng5 Be8 44. Rh3 Be7 45. Bb5 Bf7 46. Nxf7 Kxf7 47. Rh7+ Ke6 48. Rh6 Kf7 49. Bc6 1-0

[Event "LSS No Engine Cup 95 Preliminary 3"]
[Site "LSS email"]
[Date "2013.09.21"]
[Round "?"]
[White "Hornyak, Anthony A"]
[Black "Neumann, Frank"]
[Result "1-0"]
[WhiteElo "960"]
[BlackElo "574"]
[PlyCount "119"]
[EventDate "2013.09.22"]
[EventType "tourn (corr)"]
[EventRounds "6"]
[EventCountry "GER"]
[SourceTitle "Telechess CBM 167"]
[Source "ChessBase"]
[SourceDate "2015.07.13"]
[SourceVersion "1"]
[SourceVersionDate "2015.07.13"]
[SourceQuality "1"]

1. e4 e5 2. Nf3 Nc6 3. Bb5 d6 4. 0-0 Bd7 5. c3 Nf6 6. Re1 Be7 7. d3 0-0 8. Be3 a6 9. Bxc6 Bxc6 10. Nbd2 b5 11. Qc2 Rb8 12. Rad1 Qd7 13. d4 exd4 14. Nxd4 Ba8 15. f3 c5 16. Ne2 c4 17. a3 Rfe8 18. Nf1 g6 19. e5 Nd5 20. Bf2 Qe6 21. exd6 Bxd6 22. Nd4 Qd7 23. Rxe8+ Rxe8 24. Re1 Rxe1 25. Bxe1 Nf4 26. Bg3 Qe7 27. Bxf4 Bxf4 28. Qe2 Qxe2 29. Nxe2 Bb8 30. Kf2 Ba7+ 31. Ne3 f5 32. h4 Kg7 33. g3 h6 34. Ng1 g5 35. Nh3 g4 36. fxg4 fxg4 37. Nf4 Kf6 38. Ke2 Kg7 39. Nxg4 Bb7 40. Nf2 Kf6 41. Ng4+ Kg7 42. Ne6+ Kf7 43. Nd8+ Ke7 44. Nxb7 Kd7 45. Nxh6 Kc7 46. Na5 Kb6 47. b4 Bb8 48. Nf5 Ka7 49. Kf3 Kb6 50. Ke4 Kc7 51. Kd5 Kd7 52. Nc6 Bc7 53. h5 Bd8 54. Nxd8 Kxd8 55. h6 Ke8 56. h7 Kf7 57. h8Q Kg6 58. g4 Kg5 59. Qd4 Kg6 60. Qg7# 1-0

[Event "ZL-2013-0-01340"]
[Site "LSS email"]
[Date "2013.09.21"]
[Round "?"]
[White "Miquel Badenes, Jose"]
[Black "Hornyak, Anthony A"]
[Result "1-0"]
[WhiteElo "1098"]
[BlackElo "960"]
[PlyCount "51"]
[EventDate "2013.09.16"]
[EventType "match (corr)"]
[EventRounds "2"]
[EventCountry "GER"]
[SourceTitle "Telechess CBM 165"]
[Source "ChessBase"]
[SourceDate "2015.03.11"]
[SourceVersion "1"]
[SourceVersionDate "2015.03.11"]
[SourceQuality "1"]

1. d4 d5 2. Nf3 Nf6 3. c4 c6 4. Bf4 Nbd7 5. e3 e6 6. c5 Be7 7. Bd3 Nh5 8. Ne5 Nxf4 9. exf4 Nf8 10. Nd2 Ng6 11. Nxg6 hxg6 12. g3 b6 13. b4 a5 14. a3 axb4 15. axb4 Rxa1 16. Qxa1 bxc5 17. bxc5 0-0 18. 0-0 Qc7 19. Rb1 Bd7 20. Qa6 Rb8 21. Rxb8+ Qxb8 22. Nf3 Bc8 23. Qxc6 Qb7 24. Bb5 f6 25. Qxb7 Bxb7 26. Bd7 1-0

[Event "ZL-2013-0-01338"]
[Site "LSS email"]
[Date "2013.09.19"]
[Round "?"]
[White "Hornyak, Anthony A"]
[Black "Lenz, Juergen"]
[Result "1/2-1/2"]
[WhiteElo "1091"]
[BlackElo "1083"]
[PlyCount "96"]
[EventDate "2013.09.01"]
[EventType "match (corr)"]
[EventRounds "2"]
[EventCountry "GER"]
[SourceTitle "Telechess CBM 163"]
[Source "ChessBase"]
[SourceDate "2014.11.11"]
[SourceVersion "2"]
[SourceVersionDate "2014.11.11"]
[SourceQuality "1"]

1. d4 Nf6 2. c4 c5 3. d5 Ne4 4. f3 Qa5+ 5. Bd2 Nxd2 6. Qxd2 Qxd2+ 7. Nxd2 g6 8. e3 Bg7 9. 0-0-0 d6 10. Bd3 Na6 11. Ne2 Rb8 12. g4 Bd7 13. h4 h5 14. Nf4 hxg4 15. fxg4 Bxg4 16. Rdg1 Bh5 17. Rg3 Be5 18. Rf1 Nc7 19. Rg2 Bf6 20. Rh2 Kd7 21. Ne4 Be5 22. Rhf2 Bg4 23. Ng5 Rbf8 24. Ng2 Bf6 25. Rf4 Bxg5 26. Rxg4 Bf6 27. Be2 b5 28. cxb5 Nxd5 29. Ra4 Ra8 30. Bf3 Ke6 31. Nf4+ Nxf4 32. Bxa8 Nd3+ 33. Kd2 Nxb2 34. Rxa7 Rxh4 35. e4 Nc4+ 36. Kc1 Nb6 37. Bc6 Bd4 38. a4 f5 39. exf5+ gxf5 40. a5 Nc4 41. Bd7+ Ke5 42. Rxf5+ Ke4 43. b6 Rh1+ 44. Kc2 Ne3+ 45. Kd2 Rh2+ 46. Kc1 Rc2+ 47. Kb1 Rb2+ 48. Kc1 Rc2+ 1/2-1/2

[Event "ZL-2013-0-01338"]
[Site "LSS email"]
[Date "2013.09.19"]
[Round "?"]
[White "Lenz, Juergen"]
[Black "Hornyak, Anthony A"]
[Result "1/2-1/2"]
[WhiteElo "1083"]
[BlackElo "1091"]
[PlyCount "65"]
[EventDate "2013.09.01"]
[EventType "match (corr)"]
[EventRounds "2"]
[EventCountry "GER"]
[SourceTitle "Telechess CBM 163"]
[Source "ChessBase"]
[SourceDate "2014.11.11"]
[SourceVersion "2"]
[SourceVersionDate "2014.11.11"]
[SourceQuality "1"]

1. d4 d5 2. Bf4 Nf6 3. e3 Bf5 4. c4 c6 5. Qb3 Qb6 6. Nc3 Qxb3 7. axb3 Nbd7 8. c5 Nh5 9. b4 Nxf4 10. exf4 e6 11. Kd2 Be7 12. Bd3 Bxd3 13. Kxd3 0-0 14. Nf3 b6 15. Ne5 Nxe5+ 16. fxe5 f6 17. f4 Rfb8 18. b5 bxc5 19. bxc6 cxd4 20. Kxd4 Rc8 21. Ra6 Kf8 22. Rha1 Rab8 23. Rxa7 Rxb2 24. Ra8 Rbb8 25. Rxb8 Rxb8 26. c7 Rc8 27. Ra7 Ke8 28. Nb5 Kd7 29. Kc3 Kc6 30. Nd4+ Kd7 31. Nb5 Kc6 32. Nd4+ Kd7 33. Nb5 1/2-1/2

[Event "RE-2013-0-00123"]
[Site "LSS email"]
[Date "2013.09.18"]
[Round "?"]
[White "Parente, Antonio Manuel Peix"]
[Black "Hornyak, Anthony A"]
[Result "1-0"]
[WhiteElo "1420"]
[BlackElo "960"]
[PlyCount "55"]
[EventDate "2013.08.10"]
[EventType "tourn (corr)"]
[EventRounds "6"]
[EventCountry "GER"]
[SourceTitle "Telechess CBM 163"]
[Source "ChessBase"]
[SourceDate "2014.11.11"]
[SourceVersion "2"]
[SourceVersionDate "2014.11.11"]
[SourceQuality "1"]

1. d4 d5 2. c4 c6 3. Nf3 Nf6 4. Nc3 e6 5. Qc2 Nbd7 6. e3 Be7 7. b3 0-0 8. Be2 b6 9. 0-0 Bb7 10. Bb2 Rc8 11. Rad1 h6 12. Ne5 Bd6 13. Nxd7 Qxd7 14. e4 dxe4 15. Nxe4 Be7 16. Bf3 Qc7 17. Nxf6+ Bxf6 18. d5 Bxb2 19. d6 Qd7 20. Qxb2 Rfd8 21. Rd3 c5 22. Bxb7 Qxb7 23. Qe5 Rd7 24. Rg3 g6 25. Rd1 Rcd8 26. Rdd3 Qc6 27. Rh3 h5 28. Rxh5 1-0

[Event "SE-2013-0-00147"]
[Site "LSS email"]
[Date "2013.09.11"]
[Round "?"]
[White "Hornyak, Anthony A"]
[Black "Enguidanos Gimeno, Salvador"]
[Result "1/2-1/2"]
[WhiteElo "953"]
[BlackElo "1302"]
[PlyCount "78"]
[EventDate "2013.06.15"]
[EventType "tourn (corr)"]
[EventRounds "6"]
[EventCountry "GER"]
[SourceTitle "Telechess CBM 167"]
[Source "ChessBase"]
[SourceDate "2015.07.13"]
[SourceVersion "1"]
[SourceVersionDate "2015.07.13"]
[SourceQuality "1"]

1. d4 Nf6 2. c4 e6 3. Nc3 Bb4 4. e3 Ne4 5. Bd2 Nxd2 6. Qxd2 0-0 7. Nf3 c5 8. Be2 d5 9. 0-0 dxc4 10. Bxc4 Nc6 11. Rac1 e5 12. dxe5 Qxd2 13. Nxd2 Nxe5 14. Be2 Be6 15. a3 Ba5 16. Rfd1 Rfd8 17. Nf3 Nc4 18. Bxc4 Bxc4 19. Ne4 Rxd1+ 20. Rxd1 Be2 21. Rc1 b6 22. Nc3 Bxf3 23. gxf3 Rd8 24. Kf1 Rd2 25. b4 cxb4 26. axb4 Bxb4 27. Nb5 h5 28. Nxa7 Bc5 29. Nb5 Kh7 30. Nc3 Rd3 31. Ne4 Rd5 32. Nxc5 bxc5 33. Ke2 g5 34. e4 Re5 35. Ke3 Kg6 36. f4 gxf4+ 37. Kxf4 f6 38. Ke3 f5 39. f3 fxe4 1/2-1/2

[Event "SE-2013-0-00147"]
[Site "LSS email"]
[Date "2013.09.10"]
[Round "?"]
[White "Metz, Larry R"]
[Black "Hornyak, Anthony A"]
[Result "1-0"]
[WhiteElo "1379"]
[BlackElo "953"]
[PlyCount "31"]
[EventDate "2013.06.15"]
[EventType "tourn (corr)"]
[EventRounds "6"]
[EventCountry "GER"]
[SourceTitle "Telechess CBM 167"]
[Source "ChessBase"]
[SourceDate "2015.07.13"]
[SourceVersion "1"]
[SourceVersionDate "2015.07.13"]
[SourceQuality "1"]

1. d4 d5 2. c4 c6 3. cxd5 cxd5 4. Nf3 Nf6 5. Nc3 Nc6 6. e3 Bf5 7. Ne5 e6 8. g4 Bg6 9. h4 h5 10. Nxg6 fxg6 11. g5 Nd7 12. Bd3 Ne7 13. Qb3 Nb6 14. e4 Nc6 15. exd5 exd5 16. Bxg6+ 1-0

[Event "OP-2013-0-02990"]
[Site "LSS email"]
[Date "2013.09.10"]
[Round "?"]
[White "Schulz, Hans Juergen"]
[Black "Hornyak, Anthony A"]
[Result "1-0"]
[WhiteElo "1613"]
[BlackElo "953"]
[PlyCount "41"]
[EventDate "2013.09.07"]
[EventType "tourn (corr)"]
[EventRounds "4"]
[EventCountry "GER"]
[SourceTitle "Telechess CBM 167"]
[Source "ChessBase"]
[SourceDate "2015.07.13"]
[SourceVersion "1"]
[SourceVersionDate "2015.07.13"]
[SourceQuality "1"]

1. e4 c5 2. Nf3 d6 3. d4 cxd4 4. Nxd4 Nf6 5. Nc3 a6 6. Be3 e5 7. Nb3 Be7 8. f3 Be6 9. Qd2 0-0 10. 0-0-0 Nc6 11. Nd5 Bxd5 12. exd5 Nb8 13. g4 Nbd7 14. g5 Ne8 15. Na5 Qc8 16. h4 g6 17. Bh3 Qc7 18. h5 f5 19. gxf6 Nexf6 20. hxg6 hxg6 21. Be6+ 1-0

[Event "OP-2013-0-02988"]
[Site "LSS email"]
[Date "2013.09.09"]
[Round "?"]
[White "Hornyak, Anthony A"]
[Black "Bajusz, Tibor"]
[Result "0-1"]
[WhiteElo "960"]
[BlackElo "1039"]
[PlyCount "32"]
[EventDate "2013.09.06"]
[EventType "tourn (corr)"]
[EventRounds "4"]
[EventCountry "GER"]
[SourceTitle "Corr 2015"]
[Source "ChessBase"]
[SourceDate "2015.07.17"]
[SourceVersion "1"]
[SourceVersionDate "2015.07.17"]
[SourceQuality "1"]

1. d4 Nf6 2. c4 g6 3. Nc3 d5 4. Bf4 e6 5. e3 Bb4 6. Bh6 Ne4 7. Qc2 Qh4 8. Bg7 Rg8 9. Be5 Nc6 10. Nf3 Qe7 11. 0-0-0 Bxc3 12. bxc3 Nxe5 13. Nxe5 Qa3+ 14. Qb2 Qxb2+ 15. Kxb2 Nxf2 16. cxd5 Nxd1+ 0-1

[Event "RE-2013-0-00122"]
[Site "LSS email"]
[Date "2013.09.09"]
[Round "?"]
[White "Hornyak, Anthony A"]
[Black "Havelka, Josef"]
[Result "0-1"]
[WhiteElo "960"]
[BlackElo "1268"]
[PlyCount "60"]
[EventDate "2013.07.31"]
[EventType "tourn (corr)"]
[EventRounds "6"]
[EventCountry "GER"]
[SourceTitle "Telechess CBM 163"]
[Source "ChessBase"]
[SourceDate "2014.11.11"]
[SourceVersion "2"]
[SourceVersionDate "2014.11.11"]
[SourceQuality "1"]

1. d4 Nf6 2. c4 g6 3. Nc3 Bg7 4. e4 d6 5. Be2 0-0 6. Nf3 e5 7. dxe5 dxe5 8. Qxd8 Rxd8 9. Bg5 Re8 10. 0-0 c6 11. Rad1 Na6 12. b3 h6 13. Bxf6 Bxf6 14. h3 Be6 15. Rd2 Rad8 16. Rfd1 Rxd2 17. Rxd2 Kf8 18. a3 Ke7 19. b4 Rd8 20. Rxd8 Kxd8 21. c5 Nc7 22. Nd2 Be7 23. Bc4 b6 24. cxb6 axb6 25. Bxe6 Nxe6 26. Nc4 Kc7 27. Nxe5 Bf6 28. Nxf7 Bxc3 29. Nxh6 b5 30. Kf1 Bb2 0-1

[Event "OP-2013-0-02988"]
[Site "LSS email"]
[Date "2013.09.09"]
[Round "?"]
[White "Serafino, Paola"]
[Black "Hornyak, Anthony A"]
[Result "1-0"]
[WhiteElo "1297"]
[BlackElo "960"]
[PlyCount "59"]
[EventDate "2013.09.06"]
[EventType "tourn (corr)"]
[EventRounds "4"]
[EventCountry "GER"]
[SourceTitle "Telechess CBM 163"]
[Source "ChessBase"]
[SourceDate "2014.11.11"]
[SourceVersion "2"]
[SourceVersionDate "2014.11.11"]
[SourceQuality "1"]

1. e4 c5 2. Nf3 d6 3. d4 cxd4 4. Nxd4 Nf6 5. Nc3 a6 6. Be3 e5 7. Nf3 Be7 8. Be2 h6 9. 0-0 0-0 10. Qd2 Be6 11. Rad1 Nbd7 12. Nh4 Nc5 13. f3 Nfxe4 14. fxe4 Bxh4 15. Qxd6 Qxd6 16. Rxd6 Rad8 17. Bxc5 Rxd6 18. Bxd6 Rd8 19. Bxe5 Be7 20. Rd1 Rxd1+ 21. Bxd1 f6 22. Bc7 Bb4 23. Na4 b5 24. Nb6 Bxa2 25. b3 a5 26. Nd5 Bd2 27. Kf2 a4 28. Ke2 Bg5 29. Nc3 axb3 30. cxb3 1-0

[Event "RE-2013-0-00122"]
[Site "LSS email"]
[Date "2013.09.08"]
[Round "?"]
[White "Hornyak, Anthony A"]
[Black "Bieszk, Stanislaw"]
[Result "1-0"]
[WhiteElo "960"]
[BlackElo "923"]
[PlyCount "31"]
[EventDate "2013.07.31"]
[EventType "tourn (corr)"]
[EventRounds "6"]
[EventCountry "GER"]
[SourceTitle "Corr 2015"]
[Source "ChessBase"]
[SourceDate "2015.07.17"]
[SourceVersion "1"]
[SourceVersionDate "2015.07.17"]
[SourceQuality "1"]

1. d4 Nf6 2. c4 e6 3. Nc3 Bb4 4. e3 d5 5. Nf3 0-0 6. Bd3 c5 7. 0-0 Nc6 8. cxd5 Nxd5 9. Nxd5 exd5 10. dxc5 Bxc5 11. b3 Bg4 12. Be2 Rc8 13. Bb2 f6 14. Rc1 Qb6 15. Qxd5+ Kh8 16. Qxc5 1-0

[Event "SE-2013-0-00146"]
[Site "LSS email"]
[Date "2013.08.29"]
[Round "?"]
[White "Hornyak, Anthony A"]
[Black "Basson, Heinrich"]
[Result "0-1"]
[WhiteElo "960"]
[BlackElo "1308"]
[PlyCount "56"]
[EventDate "2013.05.25"]
[EventType "tourn (corr)"]
[EventRounds "6"]
[EventCountry "GER"]
[SourceTitle "Telechess CBM 167"]
[Source "ChessBase"]
[SourceDate "2015.07.13"]
[SourceVersion "1"]
[SourceVersionDate "2015.07.13"]
[SourceQuality "1"]

1. d4 d5 2. c4 c6 3. Nc3 Nf6 4. Nf3 Bg4 5. e3 e6 6. Be2 Be7 7. 0-0 0-0 8. Nh4 Bxe2 9. Qxe2 Nbd7 10. f4 Bb4 11. Bd2 Nb6 12. b3 c5 13. Nf3 cxd4 14. exd4 dxc4 15. bxc4 Rc8 16. c5 Bxc3 17. Bxc3 Nbd5 18. Bb2 Nxf4 19. Qd2 Ng6 20. Rad1 Qd5 21. Bc1 b6 22. Ba3 Rfd8 23. Qb2 bxc5 24. Bxc5 Ne4 25. Bxa7 Ra8 26. Bc5 Rxa2 27. Qb6 Nf4 28. Rfe1 Rxg2+ 0-1

[Event "ZL-2013-0-01331"]
[Site "LSS email"]
[Date "2013.08.26"]
[Round "?"]
[White "Hornyak, Anthony A"]
[Black "Pons, Francisco"]
[Result "0-1"]
[WhiteElo "1091"]
[BlackElo "1289"]
[PlyCount "44"]
[EventDate "2013.08.11"]
[EventType "match (corr)"]
[EventRounds "2"]
[EventCountry "GER"]
[SourceTitle "Telechess CBM 163"]
[Source "ChessBase"]
[SourceDate "2014.11.11"]
[SourceVersion "2"]
[SourceVersionDate "2014.11.11"]
[SourceQuality "1"]

1. d4 Nf6 2. c4 e5 3. dxe5 Ng4 4. Bf4 g5 5. Bg3 Bg7 6. Nf3 Nc6 7. Nc3 Ngxe5 8. e3 d6 9. Be2 Be6 10. Nxe5 Nxe5 11. Bxe5 Bxe5 12. Qc2 0-0 13. 0-0-0 a6 14. Kb1 Qf6 15. Ne4 Qg6 16. Bd3 f5 17. Ng3 b5 18. cxb5 axb5 19. b3 Ra3 20. Rd2 Bxb3 21. Qxc7 Qe6 22. Rc1 Bxa2+ 0-1

[Event "RE-2013-0-00118"]
[Site "LSS email"]
[Date "2013.08.01"]
[Round "?"]
[White "Hornyak, Anthony A"]
[Black "Plotnikov, Vladimir Anatolievi"]
[Result "0-1"]
[WhiteElo "1091"]
[BlackElo "1247"]
[PlyCount "40"]
[EventDate "2013.06.11"]
[EventType "tourn (corr)"]
[EventRounds "6"]
[EventCountry "GER"]
[SourceTitle "Telechess CBM 161"]
[Source "ChessBase"]
[SourceDate "2014.07.16"]
[SourceVersion "1"]
[SourceVersionDate "2014.07.16"]
[SourceQuality "1"]

1. d4 d5 2. c4 e6 3. Nc3 Nf6 4. Bg5 Nbd7 5. e3 c6 6. Nf3 Qa5 7. Bxf6 Nxf6 8. a3 dxc4 9. Bxc4 Ne4 10. Qb3 Bd6 11. Rc1 0-0 12. 0-0 Nf6 13. e4 Bf4 14. Rcd1 Qh5 15. Be2 Qg6 16. Qc2 Nd5 17. Rd3 Ne7 18. Nh4 Qh6 19. Rh3 e5 20. d5 Bxh3 0-1